书目信息 |
| 题名: |
线性代数复习及试题选讲
|
|
| 作者: | 吴振奎编著 | |
| 分册: | ||
| 出版信息: | 北京 北京工业大学出版社 2005.06 |
|
| 页数: | 626页 | |
| 开本: | 21cm | |
| 丛书名: | ||
| 单 册: | ||
| 中图分类: | O151.2 | |
| 科图分类: | ||
| 主题词: | 线性代数 | |
| 电子资源: | ||
| ISBN: | 7-5639-1499-4 | |
| 000 | 00629nam0 2200205 45 | |
| 001 | 010454884641 | |
| 005 | 20071015140036.69 | |
| 010 | @a7-5639-1499-4@dCNY25.00 | |
| 100 | @a20060421d2005 ekmy0 y0120 ea | |
| 102 | @aCN@b110000 | |
| 105 | @ay z 000yy | |
| 200 | 1 | @a线性代数复习及试题选讲@f吴振奎编著 |
| 210 | @a北京@c北京工业大学出版社@d2005.06 | |
| 215 | @a626页@c图@d21cm | |
| 330 | @a本书共分六章,各章分别包括内容提要、典型问题解析、研究生入学考试试题选讲、国内外大学数学竞赛题赏析、习题五部分。 | |
| 606 | 1 | @a线性代数 |
| 690 | @aO151.2@v4 | |
| 701 | 0 | @a吴振奎编著 |
| 801 | 0 | @aCN@c20071015 |
| 905 | @dO151.2@eW920 | |
| 线性代数复习及试题选讲/吴振奎编著.-北京:北京工业大学出版社,2005.06 |
| 626页:图;21cm |
| ISBN 7-5639-1499-4:CNY25.00 |
| 本书共分六章,各章分别包括内容提要、典型问题解析、研究生入学考试试题选讲、国内外大学数学竞赛题赏析、习题五部分。 |
| ● |
| 相关链接 |
|
|
|
正题名:线性代数复习及试题选讲
索取号:O151.2/W920
 
预约/预借
| 序号 | 登录号 | 条形码 | 馆藏地/架位号 | 状态 | 备注 |
| 1 | 601636 | 206016363 | 自科库401/401自科库 72排1列4层/ [索取号:O151.2/W920] | 在馆 | |
| 2 | 601637 | 206016372 | 自科库401/ [索取号:O151.2/W920] | 在馆 | |
| 3 | 601638 | 206016381 | 自科库401/401自科库 72排1列4层/ [索取号:O151.2/W920] | 在馆 | |
| 4 | 650304 | 206503041 | 自科库401/401自科库 41排7列4层/ [索取号:O151.2/W920] | 在馆 | |
| 5 | 650305 | 206503050 | 自科库401/401自科库 41排7列4层/ [索取号:O151.2/W920] | 在馆 | |
| 6 | 650306 | 206503069 | 自科库401/401自科库 41排7列4层/ [索取号:O151.2/W920] | 在馆 |